Supernatural - The Road So Far Lyrics - Statistics

General Stats
  • This quiz has been taken 152 times
  • The average score is 19 of 30
Answer Stats
Hint Answer % Correct
I'm big brother ____ Dean
97%
John and Mary _______ and wife Husband
97%
His name is _____ Sammy
92%
They belived Sam was the ______ one Chosen
91%
On the _____ so far Road
87%
On the road so ___ Far
85%
Bringing home a brand new ____ Life
85%
We're in ___'s car Dad
83%
The _____ visits had begun Demon
81%
The _______ family... Perfect
74%
On the ____ so far Road
71%
It ______ my mother Burned
69%
______ people Saving
68%
________ things Hunting
67%
_______ us in tears Leaving
61%
And it ______ my brother Cursed
60%
The ______ ________ Family Business
58%
So that;s _____ we are Where
58%
No ________ back Turning
57%
So it ______ Seemed
53%
He took away our own ____ ____ Free Will
46%
____, the road so far Yeah
45%
____ Kill
44%
____ and Hunt
42%
He _______ us both to Trained
41%
He wouldn't stop without the _______ Payback
40%
Back in _____ Swing
37%
_______ down the road so far Driving
36%
_____ and Track
34%
Dad was ______ Driven
28%
No matching quizzes found
Score Distribution
Percent of People with Each Score
Percentile by Number Answered
Your Score History
You have not taken this quiz